MARC

LEADER 00000nam0a2200000 4500
001 271368
005 20241002114605.0
035 |a (RuTPU)RU\TPU\book\294550 
090 |a 271368 
100 |a 20141007d1987 km y0rusy5003 ca 
101 1 |a rus  |c eng 
102 |a RU 
105 |a y z 001zy 
200 1 |a Зороастрийцы. Верования и обычаи  |e пер. с англ.  |f М. Бойс 
210 |a Москва  |c Наука  |d 1987 
215 |a 301 с. 
225 1 |a По следам исчезнувших культур Востока 
320 |a Библиогр.: с. 274-277 
602 |a Сасаниды  |f 226-642  |c династия персидских правителей (шахиншахов)  |d Новоперсидское царство  |9 7464 
606 1 |a Первобытная религия  |2 stltpush  |3 (RuTPU)RU\TPU\subj\48471  |9 67335 
610 1 |a зороастризм 
610 1 |a история 
610 1 |a верования 
610 1 |a обычаи 
610 1 |a халифы 
610 1 |a Иран 
610 1 |a иранцы 
610 1 |a древние религии 
610 1 |a Индия 
610 1 |a индоиранцы 
610 1 |a современное состояние 
686 |a Э31  |2 rubbk 
700 1 |a Бойс  |b М.  |g Мэри  |4 070 
801 0 |a RU  |b RuMRKP  |c 19950417  |g psbo 
801 1 |a RU  |b 63413507  |c 20141007 
801 2 |a RU  |b 63413507  |c 20170309  |g RCR 
942 |c BK